1064 1463 1311 1152 1704 1173 1429 1703 1048 1827 1399 1276 1361 1643 1455 1112 1568 1295 1932 1693 1474 1408 1275 1159 1021 1824 1736 1957 1044 1178 1170 1019 1867 1619 1763 1434 1177 1140 1953 1777 1285 1395 1700 1118 1952 1243 1588 1861 1578 1252 1791 1577 1528 1421 1017 1454 1799 1323 1201 1242 1738 1274 1749 1780 1615 1667 1719 1373 1963 1727 1992 1281 1030 1289 1046 1384 1018 1110 1795 1094 1923 1814 1005 1889 1981 1948 1797 1763 1834 1059 1584 1665 1103 1369 1666 1306 1224 1231 1306 BCNSPRNW ULIB Ver.6.0+V

เปลี่ยนเป็นภาษาไทย

Change to English
 แสดงรายละเอียดบรรณานุกรม
  กลับหน้าหลัก

Brief Record : Get Marc (ISO 2709) : E-mail record : QR code < ปิดหน้าต่าง
LEADER : 00000nam 2200000uu 4500
001    13399120522
003     ULIB
008    070112s2548 th ab 000 0 tha d
020    ^a9745066648
040    ^absi
060 04 ^aWB50.JT3^bส828ห 2548
100 0  ^aสุพรรณ ตุรงคติณชาติ
245 10 ^aหมอแตง :^bหมอเด็กของคนเมืองคอน /^c[ผู้เขียน, สุพรรณตุรงคติณชาติ ; คณะบรรณาธิการ, สุธน พรบัณฑิตปัทมา ...[และคนอื่นๆ]
250    ^aพิมพ์ครั้งที่ 1
260    ^aนนทบุรี :^bกลุ่มงานการแพทย์พื้นบ้านไทยกรมพัฒนาการแพทย์แผนไทยและการแพทย์ทางเลือก กระทรวงสาธารณสุข,^c2548
300    ^a150 หน้า :^bภาพประกอบ, แผนที่ ;^c21 ซม.
440  0 ^aชุดภูมิปัญญาพื้นบ้านด้านสุขภาพ ;^v8
500    ^aSend to Single Search
650  4 ^aการแพทย์แผนโบราณ
650  4 ^aการรักษาด้วยสมุนไพร^zไทย^zนครศรีธรรมราช
650  4 ^aหมอพื้นบ้าน^zไทย^zนครศรีธรรมราช
650  4 ^aวิจัย
700 0  ^aสุธน พรบัณฑิตปัทมา,^eบรรณาธิการ
710 2  ^aกรมพัฒนาการแพทย์แผนไทยและการแพทย์ทางเลือก.^bกลุ่มงานการแพทย์พื้นบ้านไทย
945    ^p0^l0^i24214
995    ^aกัณชพร
999    ^aใช้งานได้ทุกระบบ
รายการนี้ยังไม่มีแท็ก
คุณยังไม่ได้ล็อกอิน คุณสามารถมีกิจกรรมร่วมกับเว็บไซต์ได้ แต่ต้องล็อกอินก่อน ::
  ล็อกอิน

รายการสื่อสารสนเทศ

ลำดับที่ ประเภท เลขเรียก/บาร์โค้ด สถานที่ สถานะ
1. วิทยาศาสตร์การแพทย์ และสุขภาพ
วิทยาศาสตร์การแพทย์ และสุขภาพ
WB50.JT3 ส828ห 2548  
  Barcode: 24214
ห้องสมุดวิทยาเขตสวรรค์ประชารักษ์
►หนังสือทั่วไป
ถูกยืม กำหนดส่งวันที่ 11 พฤษภาคม 2558
  จอง

รายการใกล้เคียง
    หัวเรื่อง [การแพทย์แผนโบราณ]
    หัวเรื่อง [วิจัย]

BibComment


ยังไม่เคยถูกคอมเมนท์

คอมเมนท์ทรัพยากรรายการนี้
  คอมเมนท์: หมอแตง หมอเด็กข..


 Copyright 2026. Bcnsprnw @Library